Εισβολές ιχθύων στη Μεσόγειο : η υπόθεση του κενού οικολογικού θώκου
Αποθηκεύτηκε σε:
| Κύριος συγγραφέας: | |
|---|---|
| Συγγραφή απο Οργανισμό/Αρχή: | |
| Άλλοι συγγραφείς: | |
| Μορφή: | Thesis Βιβλίο |
| Γλώσσα: | Greek |
| Δημοσίευση: |
Μυτιλήνη :
Πανεπιστήμιο Αιγαίου, Σχολή Περιβάλλοντος, Τμήμα Επιστημών της Θάλασσας,
2006
|
| Θέματα: | |
| Διαθέσιμο Online: | http://hdl.handle.net/11610/7237 |
| Ετικέτες: |
Προσθήκη ετικέτας
Δεν υπάρχουν, Καταχωρήστε ετικέτα πρώτοι!
|
MARC
| LEADER | 00000cam a2200000 i 4500 | ||
|---|---|---|---|
| 001 | 1/39480 | ||
| 008 | 061218s2006 gre d | ||
| 035 | |l 10086601 | ||
| 040 | |a GR-MY-UA |b gre |e aacr | ||
| 041 | 0 | |a gre | |
| 082 | 0 | |a 597 |2 (22) | |
| 100 | 1 | |a Ζερβού, Νίκη Ι. | |
| 245 | 1 | 0 | |a Εισβολές ιχθύων στη Μεσόγειο : |b η υπόθεση του κενού οικολογικού θώκου / |c Νίκη Ι. Ζερβού ; επιβλέπων καθηγητής: Γιώργος Δ. Κόκκορης |
| 260 | |a Μυτιλήνη : |b Πανεπιστήμιο Αιγαίου, Σχολή Περιβάλλοντος, Τμήμα Επιστημών της Θάλασσας, |c 2006 | ||
| 300 | |a 103 σ.; |b πιν.; |c 30 εκ. | ||
| 502 | |a Πτυχιακή εργασία – Πανεπιστήμιο Αιγαίου, Λέσβος, 2006. | ||
| 504 | |a Βιβλιογραφία: σ. 66-69 | ||
| 650 | 0 | 0 | |a Biological invasions |z Mediterranean Sea. |
| 650 | 0 | 0 | |a Fishes |z Mediterranean Sea. |
| 650 | 0 | 0 | |a Marine biological diversity |z Mediterranean Sea. |
| 650 | 0 | 0 | |a Dissertations, Academic |z Greece. |
| 700 | 1 | |4 ths |a Κόκκορης, Γεώργιος Δ. | |
| 710 | 2 | |a Πανεπιστήμιο Αιγαίου |b Σχολή Περιβάλλοντος |b Τμήμα Επιστημών της Θάλασσας. | |
| 852 | |a INST |b LESVOS |c DIATR |e 20061218 |h 179 |p 005100037166 |q 005100037166 |t DIE |y 23 | ||
| 852 | |a INST |b LESVOS |c DIATR |e 20061218 |h 180 |p 005100037165 |q 005100037165 |t DIE |y 23 | ||
| 856 | |u http://hdl.handle.net/11610/7237 | ||
| 901 | |a BIBL1-2006-3 | ||
| 909 | |a Λ |b 129981 | ||
| 909 | |a Λ |b 129982 | ||
| 924 | |a ΖΕΡΒΟΥ |b ΝΙΚΗ Ι. |y ΛΕΣΒΟΣ |z 2006-09 | ||
| 970 | |a ΧΑΤΖΗΜΙΧΑΗΛ |b ΜΑΡΙΑ |z 2006/12/18 | ||